Emerging capital markets and globalization <the> Latin American experience

Salvato in:
Dettagli Bibliografici
Autore principale: de la Torre, Augusto
Altri autori: Schmukler, Sergio L.
Natura: Libro
Lingua:inglese
Pubblicazione: Washington, D.C. <The> World Bank 2006
Serie:Latin American development forum series
Soggetti:
Tags: Aggiungi Tag
Nessun Tag, puoi essere il primo ad aggiungerne!!

MARC

LEADER 00000nam$a2200000$$$4500
001 0049828
005 20240315115223.3
020 |a 0-8213-6543-6 
020 |a 978-0-8213-6544-1 
041 0 |a eng 
044 |a US 
245 1 0 |a Emerging capital markets and globalization  |b <the> Latin American experience  |c Augusto de la Torre and Sergio L. Schmukler 
264 1 |a Washington, D.C.  |b <The> World Bank  |c 2006 
300 |a 209 s. 
490 1 |a Latin American development forum series 
830 0 |a Latin American development forum series 
610 2 0 |a trh kapitálový 
610 2 0 |a vývoj 
610 2 0 |a globalizácia 
610 2 0 |a internacionalizácia 
610 2 0 |a krajiny rozvojové 
610 2 0 |a trh kapitálový medzinárodný 
610 2 0 |a burzy 
610 2 0 |a reformy 
610 2 0 |a porovnanie medzinárodné 
610 2 0 |a Latinská Amerika 
100 1 |a de la Torre, Augusto 
700 1 |a Schmukler, Sergio L.